000 00345nam a22001457a 4500
040 _cNUST
082 _a604.2
_bMAD
100 _aMadsen, David A
245 _aEngineering Drawing & Design/
_cDavid A. Madsen
250 _aSixth Edition
260 _aUnited States :
_bCengage;
_c2017.
300 _a1065p.
500 _aHB
942 _2ddc
_cBK
999 _c608701
_d608701